Culture Générale - Série 710 - Statistiques

Statistiques générales
  • Ce quiz a été pris 172 fois
  • Le résultat moyen est 7 sur 10
Statistiques - réponses
Question Réponse % Correct
Quelle couleur primaire faut-il ajouter au jaune, pour obtenir de l'orange ? rouge
100%
Dans la pièce de Shakespeare, quel est le prénom du bien-aimé de Juliette ? Roméo
99%
Comme l'atteste l'étymologie du mot, une personne atteinte de "calvitie" est partiellement ou totalement... chauve
98%
Quelle ville des Pays-Bas est connue pour son "Quartier rouge" ? Amsterdam
97%
La Garonne est un fleuve qui traverse la France et... L'Espagne
97%
Dans quel pays Romano Prodi a-t-il été président du Conseil de 1996 à 1998 et de 2006 à 2008 ? Italie
88%
De quel continent est originaire le plat traditionnel appelé “foutou” ? Afrique
83%
Quelle journaliste coprésentait avec Yves Mourousi le journal de 13 heures de TF1 de 1981 à 1988 ? Marie-Laure Augry
33%
Quel chanteur américain était surnommé "The Godfather of Soul", le "parrain de la soul music" ? James Brown
28%
Quelle actrice interpréta le rôle de Virginie Dandieu, dans le film : "Voulez-vous danser avec moi", en 1959 ? Brigitte Bardot
27%
Aucun quiz correspondant
Distribution des résultats
% des personnes avec chaque résultat
Percentile par nombre de réponses
Votre historique - résultats
Vous n’avez pas pris ce quiz